[Event "Mondiale Lampo FIDE 2019"]
[Site "Mosca"]
[Date "29.12.2019"]
[Round "5.101"]
[White "Al Mutairi, Hassan S"]
[Black "Gurvich, Vitaly"]
[Result "0-1"]
[WhiteTitle "CM"]
[BlackTitle "FM"]
[WhiteElo "1883"]
[BlackElo "2230"]
[WhiteFideId "21500193"]
[BlackFideId "24164852"]
[EventDate "2019.12.29"]

1. e4 d6 2. d4 Nf6 3. Nc3 e5 4. Nge2 Nbd7 5. h3 c6 6. g4 h6 7. Bg2 b5 8. a3 Bb7
9. Be3 a5 10. O-O Be7 11. d5 b4 12. dxc6 Bxc6 13. axb4 axb4 14. Nd5 Nxd5 15.
exd5 Bb5 16. Re1 O-O 17. Qd2 Bxe2 18. Qxe2 Rxa1 19. Rxa1 Bg5 20. Bxg5 Qxg5 21.
Qc4 Nc5 22. Qxb4 f5 23. gxf5 Qxf5 24. Qd2 Rf6 25. b4 Nd7 26. Qd3 Qxf2+ 27. Kh1
Qf4 28. Ra8+ Nf8 29. b5 Qc1+ 30. Kh2 Qf4+ 31. Kg1 Qb4 32. c3 Qc5+ 33. Kh2 Kf7
34. Ra6 Nd7 35. Rc6 Qf2 36. Rc7 Ke7 37. Qg3 Kd8 38. Rxd7+ Kxd7 39. Qxg7+ Rf7 40.
Qg4+ Kd8 41. Qg8+ Ke7 42. Qc8 Qf4+ 43. Kg1 Qe3+ 44. Kh2 Qf4+ 45. Kg1 Qc1+ 46.
Kh2 Qf4+ 47. Kg1 Qe3+ 48. Kh2 Kf6 49. Qd8+ Kg7 50. b6 Qf4+ 51. Kg1 Qe3+ 52. Kh2
Qxc3 53. Qxd6 Qe3 54. Qc6 Qf4+ 55. Kg1 Qd4+ 56. Kh2 Qf4+ 57. Kg1 Rf6 58. Qc7+
Rf7 59. Qc6 Qe3+ 60. Kh2 Qf4+ 61. Kg1 e4 62. b7 e3 63. Qc8 Rf8 64. Qg4+ Qxg4 65.
hxg4 Kf6 66. d6 Ke6 67. d7 Kxd7 68. Kh2 e2 0-1

[Event "Mondiale Lampo FIDE 2019"]
[Site "Mosca"]
[Date "29.12.2019"]
[Round "5.102"]
[White "Makoveev, Ilya"]
[Black "Masrahi, Abdulrahman A"]
[Result "1-0"]
[WhiteTitle "FM"]
[BlackTitle "CM"]
[WhiteElo "2277"]
[BlackElo "1956"]
[WhiteFideId "34155748"]
[BlackFideId "21501564"]
[EventDate "2019.12.29"]

1. e4 e5 2. Nf3 Nc6 3. Bc4 Bc5 4. O-O Nf6 5. d3 a6 6. a4 Ba7 7. c3 d6 8. Nbd2 h6
9. b4 O-O 10. Re1 Ne7 11. Nf1 Ng6 12. Ng3 Be6 13. Bxe6 fxe6 14. d4 exd4 15. Nxd4
Qe7 16. Be3 Bxd4 17. cxd4 Kh8 18. Rc1 Rf7 19. h3 Raf8 20. Qc2 Nh4 21. b5 axb5
22. axb5 e5 23. b6 c6 24. Rcd1 d5 25. dxe5 Qxe5 26. exd5 Nxd5 27. Bc5 Qf4 28.
Re4 Qg5 29. Rg4 Qf6 30. Bxf8 Rxf8 31. Nh5 Qe7 32. Rxg7 Qe5 33. Qh7# 1-0

[Event "Mondiale Lampo FIDE 2019"]
[Site "Mosca"]
[Date "29.12.2019"]
[Round "5.103"]
[White "Al Thebaiti, Ahmed M"]
[Black "Miranda Neto, Jayme Amorim"]
[Result "1-0"]
[WhiteTitle "CM"]
[BlackTitle "CM"]
[WhiteElo "1976"]
[BlackElo "2102"]
[WhiteFideId "21502390"]
[BlackFideId "2115964"]
[EventDate "2019.12.29"]

1. d4 d5 2. Bf4 Nf6 3. e3 e6 4. Nf3 Bd6 5. Bg3 Qe7 6. Nbd2 b6 7. Ne5 Bb7 8. Bb5+
c6 9. Be2 O-O 10. O-O c5 11. c3 Nbd7 12. f4 g6 13. a4 Ne4 14. Nxe4 dxe4 15. a5
Nf6 16. a6 Bc8 17. Bh4 Qd8 18. Bb5 Be7 19. Nc6 Qd6 20. Nxe7+ Qxe7 21. Qe1 Kg7
22. Bc6 Rb8 23. Bxe4 h6 24. Bc2 Kh8 25. e4 g5 26. fxg5 Nh7 27. Bg3 1-0

[Event "Mondiale Lampo FIDE 2019"]
[Site "Mosca"]
[Date "29.12.2019"]
[Round "6.1"]
[White "Artemiev, Vladislav"]
[Black "Karjakin, Sergey"]
[Result "1-0"]
[WhiteTitle "GM"]
[BlackTitle "GM"]
[WhiteElo "2731"]
[BlackElo "2754"]
[WhiteFideId "24101605"]
[BlackFideId "14109603"]
[EventDate "2019.12.29"]

1. Nf3 d5 2. b3 Nf6 3. Bb2 c5 4. e3 Nc6 5. Bb5 Bd7 6. O-O e6 7. d4 a6 8. Bd3
cxd4 9. exd4 Bd6 10. a3 O-O 11. Nbd2 Ne7 12. Ne5 Bb5 13. c4 dxc4 14. bxc4 Bc6
15. Nxc6 Nxc6 16. Nf3 Rc8 17. Re1 Bb8 18. Qe2 Rc7 19. Rad1 Rd7 20. Bc2 Ba7 21.
Ba4 Nxd4 22. Bxd4 Rxd4 23. Nxd4 Bxd4 24. Qd2 Bb6 25. Qxd8 Bxd8 26. Rb1 b6 27.
Bc6 Bc7 28. Red1 Rb8 29. a4 Kf8 30. c5 bxc5 1-0

[Event "Mondiale Lampo FIDE 2019"]
[Site "Mosca"]
[Date "29.12.2019"]
[Round "6.2"]
[White "Carlsen, Magnus"]
[Black "Abdusattorov, Nodirbek"]
[Result "1/2-1/2"]
[WhiteTitle "GM"]
[BlackTitle "GM"]
[WhiteElo "2872"]
[BlackElo "2635"]
[WhiteFideId "1503014"]
[BlackFideId "14204118"]
[EventDate "2019.12.29"]

1. d4 Nf6 2. Nf3 e6 3. Bg5 d5 4. e3 Be7 5. c4 O-O 6. Qc2 h6 7. Bxf6 Bxf6 8. h4
g6 9. Nc3 Bg7 10. O-O-O c6 11. g4 Nd7 12. g5 h5 13. Kb1 Qe7 14. cxd5 exd5 15.
Bd3 Nb6 16. Rc1 Be6 17. Ne2 Bg4 18. Nh2 Bxe2 19. Qxe2 Rac8 20. f4 Rfe8 21. Rhe1
Nc4 22. Bxc4 dxc4 23. Qxc4 Qe4+ 24. Qc2 Qd5 25. Rcd1 Rcd8 26. e4 Qe6 27. Qf2 Rd7
28. f5 Qc4 29. f6 Bf8 30. Nf3 Rd6 31. Ne5 Qe6 32. Nd3 Qg4 33. Nf4 Rxe4 34. Rf1
Qf5 35. Ka1 c5 36. d5 c4 37. Rde1 Rxe1+ 38. Qxe1 c3 39. Qxc3 Rxd5 40. a3 Rc5 41.
Qd4 Rc2 42. Rd1 Rc8 43. Nd5 Re8 44. Qxa7 Qg4 45. Qd4 Re4 46. Ne7+ Kh7 47. Qd5
Re6 48. Qd7 Bxe7 49. fxe7 Rxe7 50. Qxe7 Qxd1+ 51. Ka2 Qd5+ 1/2-1/2

[Event "Mondiale Lampo FIDE 2019"]
[Site "Mosca"]
[Date "29.12.2019"]
[Round "6.3"]
[White "Jakovenko, Dmitry"]
[Black "Yu, Yangyi"]
[Result "1-0"]
[WhiteTitle "GM"]
[BlackTitle "GM"]
[WhiteElo "2698"]
[BlackElo "2738"]
[WhiteFideId "4122356"]
[BlackFideId "8603820"]
[EventDate "2019.12.29"]

1. e4 c5 2. Nf3 a6 3. c4 Nc6 4. d4 cxd4 5. Nxd4 e5 6. Nc2 Bc5 7. Nc3 d6 8. Be2
Nge7 9. O-O O-O 10. Be3 Be6 11. Qd2 Bxe3 12. Qxe3 Ng6 13. Rfd1 Qe7 14. Bf1 Rac8
15. Rac1 Rfd8 16. b4 h6 17. a3 Nb8 18. Nd5 Bxd5 19. cxd5 Nd7 20. Na1 Nf6 21. Nb3
Ng4 22. Qh3 Qg5 23. Qg3 Nf4 24. h3 Nf6 25. Qxg5 hxg5 26. f3 N6h5 27. Kf2 g6 28.
g3 Nxg3 29. Kxg3 Kg7 30. Rxc8 Rxc8 31. Rc1 Rxc1 32. Nxc1 f5 33. Nb3 Kf6 34. Na5
b5 35. Nc6 Nh5+ 36. Kf2 Kf7 37. Nb8 Nf6 38. Bd3 fxe4 39. fxe4 g4 40. hxg4 Nxg4+
41. Kf3 Nf6 42. Nxa6 g5 43. Nc7 Kg6 44. Nxb5 g4+ 45. Ke3 Nh5 46. Nxd6 Nf4 47.
Nf5 1-0

[Event "Mondiale Lampo FIDE 2019"]
[Site "Mosca"]
[Date "29.12.2019"]
[Round "6.4"]
[White "Firouzja, Alireza"]
[Black "Duda, Jan-Krzysztof"]
[Result "1-0"]
[WhiteTitle "GM"]
[BlackTitle "GM"]
[WhiteElo "2723"]
[BlackElo "2758"]
[WhiteFideId "12573981"]
[BlackFideId "1170546"]
[EventDate "2019.12.29"]

1. d4 Nf6 2. c4 e6 3. g3 c5 4. d5 exd5 5. cxd5 d6 6. Nc3 g6 7. Bg2 Bg7 8. Nf3
O-O 9. O-O Re8 10. Nd2 Nbd7 11. a4 a6 12. a5 b5 13. axb6 Nxb6 14. Nb3 Qc7 15.
Na5 Nfd7 16. Bf4 Ne5 17. Qc1 f5 18. b3 Bd7 19. Ra2 Bb5 20. h3 Nbd7 21. Rd1 Rac8
22. Nc6 Qb6 23. Nxb5 axb5 24. Qc2 Nf7 25. e4 fxe4 26. Bxe4 Nf6 27. Bf3 Ra8 28.
Rxa8 Rxa8 29. Re1 Qa6 30. Kg2 Qa2 31. Qd3 c4 32. bxc4 bxc4 33. Qe3 Qb2 34. Re2
Qb1 35. Ne7+ Kh8 36. Re1 Qb2 37. Nc6 c3 38. Rc1 Nd7 39. h4 Nc5 40. h5 gxh5 41.
Bxh5 Nb3 42. Rh1 Ne5 43. Nxe5 dxe5 44. Bxe5 Rf8 45. Bxg7+ Kxg7 46. Bg4 c2 47.
Qh6+ Kf7 48. Qxh7+ Kf6 49. Qf5+ 1-0

[Event "Mondiale Lampo FIDE 2019"]
[Site "Mosca"]
[Date "29.12.2019"]
[Round "6.5"]
[White "Paravyan, David"]
[Black "Andreikin, Dmitry"]
[Result "0-1"]
[WhiteTitle "GM"]
[BlackTitle "GM"]
[WhiteElo "2629"]
[BlackElo "2724"]
[WhiteFideId "4194985"]
[BlackFideId "4158814"]
[EventDate "2019.12.29"]

1. e4 c5 2. Nf3 e6 3. d4 cxd4 4. Nxd4 Nc6 5. Nc3 a6 6. Bf4 d6 7. Nxc6 bxc6 8.
Bc4 Be7 9. Bb3 e5 10. Bg3 Nf6 11. f4 Bg4 12. Qd3 Nh5 13. O-O exf4 14. Bxf4 O-O
15. Be3 Nf6 16. h3 Bh5 17. Bf4 Bg6 18. Qe2 Qb6+ 19. Kh1 Rae8 20. Rad1 a5 21.
Bxd6 Bxd6 22. Rxd6 Qc5 23. Qd2 Bxe4 24. Qd4 Qg5 25. Rf2 Qg3 26. Qd2 Bxg2+ 27.
Rxg2 Re1+ 28. Qxe1 Qxe1+ 29. Rg1 Qh4 30. Rd3 Ne4 31. Kh2 Qf4+ 32. Kg2 Qg5+ 33.
Kh2 Qe5+ 34. Kg2 a4 35. Nxa4 Qg5+ 36. Kh2 Qf4+ 37. Kg2 h5 38. Nc3 Re8 39. Nxe4
Rxe4 0-1

[Event "Mondiale Lampo FIDE 2019"]
[Site "Mosca"]
[Date "29.12.2019"]
[Round "6.6"]
[White "Vidit, Santosh Gujrathi"]
[Black "Wojtaszek, Radoslaw"]
[Result "1/2-1/2"]
[WhiteTitle "GM"]
[BlackTitle "GM"]
[WhiteElo "2721"]
[BlackElo "2725"]
[WhiteFideId "5029465"]
[BlackFideId "1118358"]
[EventDate "2019.12.29"]

1. c4 Nf6 2. Nc3 e5 3. Nf3 Nc6 4. a3 g6 5. g3 Bg7 6. Bg2 d6 7. O-O O-O 8. d3 Nd4
9. Nd2 c6 10. b4 d5 11. Bb2 Re8 12. cxd5 cxd5 13. Rc1 Bf5 14. h3 h5 15. e3 Nc6
16. e4 dxe4 17. Ndxe4 Nxe4 18. Nxe4 Nd4 19. Re1 b6 20. Bxd4 Qxd4 21. g4 hxg4 22.
hxg4 Be6 23. g5 Rad8 24. Re3 Bf5 25. Rc7 Rd7 26. Qc1 Rxc7 27. Qxc7 Qd7 28. Qxd7
Bxd7 29. Nf6+ Bxf6 30. gxf6 Re6 31. Bh3 Rd6 32. Bxd7 Rxd7 33. Rxe5 Rxd3 34. Re8+
Kh7 35. Re7 Rxa3 36. Rxf7+ Kg8 37. Rb7 Ra4 38. Kg2 Rxb4 39. Rxa7 Rf4 40. Rg7+
Kf8 41. Rxg6 Kf7 42. Rg7+ 1/2-1/2

[Event "Mondiale Lampo FIDE 2019"]
[Site "Mosca"]
[Date "29.12.2019"]
[Round "6.7"]
[White "Matlakov, Maxim"]
[Black "Dreev, Aleksey"]
[Result "1-0"]
[WhiteTitle "GM"]
[BlackTitle "GM"]
[WhiteElo "2699"]
[BlackElo "2677"]
[WhiteFideId "4168003"]
[BlackFideId "4100107"]
[EventDate "2019.12.29"]

1. d4 d5 2. Nf3 Nf6 3. g3 Bf5 4. Bg2 c6 5. Nh4 Be4 6. f3 Bg6 7. e4 dxe4 8. Nxg6
hxg6 9. fxe4 e5 10. c3 Nbd7 11. O-O Qb6 12. a4 Rd8 13. a5 Qc7 14. Be3 Nc5 15.
Nd2 Ne6 16. Nc4 exd4 17. cxd4 Bc5 18. e5 Bxd4 19. Bxd4 Rxd4 20. Qe2 Rxc4 21.
exf6 Rc5 22. fxg7 Rg8 23. a6 Rxg7 24. axb7 Qxb7 25. Bh3 Qe7 26. b4 Rb5 27. Qc4
Rb6 28. Bxe6 fxe6 29. Rfe1 c5 30. bxc5 Rc6 31. Re5 Qd7 32. Rae1 Re7 33. Qe4 Kd8
34. h4 Kc8 35. Kg2 a5 36. Kh3 Qc7 37. Re2 Qd7 38. Qxg6 Qd4 39. R2e4 Qd1 40. Re1
Qd4 41. h5 Rcc7 42. h6 Kb7 43. Rxe6 Rxe6 44. Rxe6 Qd1 45. Qe4+ Ka7 46. Qe2 Qh1+
47. Kg4 Qb7 48. Rb6 Qc8+ 49. Qe6 Qf8 50. Ra6+ Kb8 51. Qb6+ Rb7 52. Qd6+ Qxd6 53.
cxd6 Kc8 54. Rxa5 Kd8 1-0

[Event "Mondiale Lampo FIDE 2019"]
[Site "Mosca"]
[Date "29.12.2019"]
[Round "6.8"]
[White "Khusnutdinov, Rustam"]
[Black "Jobava, Baadur"]
[Result "0-1"]
[WhiteTitle "GM"]
[BlackTitle "GM"]
[WhiteElo "2491"]
[BlackElo "2604"]
[WhiteFideId "13701703"]
[BlackFideId "13601520"]
[EventDate "2019.12.29"]

1. e4 e5 2. Nf3 Nf6 3. Nc3 d6 4. d4 Nbd7 5. Bc4 Be7 6. a4 O-O 7. O-O a5 8. h3 c6
9. Re1 h6 10. b3 Re8 11. Ba3 Qc7 12. Qd2 Nf8 13. d5 Ng6 14. Rad1 Rd8 15. Bf1 Ne8
16. g3 Bd7 17. dxc6 bxc6 18. Kh2 Be6 19. Qe3 Nf6 20. Bc4 d5 21. exd5 cxd5 22.
Nb5 Qb7 23. Bxe7 Qxe7 24. Bf1 Bf5 25. c4 Bg4 26. cxd5 e4 27. Nfd4 Nxd5 28. Nc6
Qf6 29. Rxd5 Rxd5 30. hxg4 Qxc6 31. Qxe4 Rad8 32. Bc4 Rc5 33. Qxc6 Rxc6 34. Kg2
Kf8 35. Nc3 Rc7 36. Nd5 Rcd7 37. Nc3 Re7 38. Rc1 Ne5 39. Be2 Rc7 40. f4 Nd3 0-1

[Event "Mondiale Lampo FIDE 2019"]
[Site "Mosca"]
[Date "29.12.2019"]
[Round "6.9"]
[White "Carlsson, Pontus"]
[Black "Mamedyarov, Shakhriyar"]
[Result "0-1"]
[WhiteTitle "GM"]
[BlackTitle "GM"]
[WhiteElo "2456"]
[BlackElo "2772"]
[WhiteFideId "1705814"]
[BlackFideId "13401319"]
[EventDate "2019.12.29"]

1. e4 c6 2. d3 d5 3. Nd2 g6 4. Ngf3 Bg7 5. Be2 Nf6 6. O-O O-O 7. e5 Nfd7 8. d4
c5 9. c3 Nc6 10. Bb5 Qb6 11. Qa4 a6 12. Bxc6 bxc6 13. Nb3 a5 14. dxc5 Nxc5 15.
Nxc5 Qxc5 16. Qh4 Re8 17. Bh6 Rb8 18. Bxg7 Kxg7 19. b3 Qxc3 20. Rac1 Qb2 21. Ng5
h6 22. Nxf7 Kxf7 23. Qf4+ Kg7 24. e6 Bxe6 25. Rxc6 Bf7 26. Re1 Rbc8 27. Ra6 Qc3
28. Rf1 Rc6 29. Ra7 Rf6 30. Qh4 g5 31. Qg4 Qe5 32. Qd1 d4 33. Re1 Qc5 34. Rd7
Rd6 35. Rdxe7 Rxe7 36. Rxe7 Re6 37. Rxe6 Bxe6 38. h3 Qc3 39. Qe2 Kf6 40. Qe4
Qc1+ 41. Kh2 Qf4+ 42. Qxf4+ gxf4 43. Kg1 d3 44. Kf1 Bd5 45. g3 Bg2+ 46. Ke1 Bxh3
47. gxf4 h5 48. Kd2 Bf5 49. a3 h4 50. b4 axb4 51. axb4 h3 0-1

[Event "Mondiale Lampo FIDE 2019"]
[Site "Mosca"]
[Date "29.12.2019"]
[Round "6.10"]
[White "Amin, Bassem"]
[Black "Socko, Bartosz"]
[Result "0-1"]
[WhiteTitle "GM"]
[BlackTitle "GM"]
[WhiteElo "2683"]
[BlackElo "2618"]
[WhiteFideId "10601457"]
[BlackFideId "1107038"]
[EventDate "2019.12.29"]

1. Nf3 Nf6 2. g3 g6 3. Bg2 Bg7 4. O-O O-O 5. d3 d6 6. e4 e5 7. Re1 b6 8. c4 c5
9. Nc3 Nc6 10. a3 Nd4 11. h3 Be6 12. b4 Qd7 13. Ng5 h6 14. Nxe6 fxe6 15. Be3 Rf7
16. Rb1 Raf8 17. Rb2 Nh5 18. bxc5 dxc5 19. a4 Qd8 20. a5 Nf4 21. gxf4 exf4 22.
Bc1 f3 23. Bf1 Be5 24. axb6 axb6 25. Nb5 Nxb5 26. Rxb5 Qh4 27. Be3 Rf4 28. Rxb6
Rg4+ 29. Kh1 Rg3 30. fxg3 Qxg3 31. Re2 f2 32. Rxf2 Rxf2 0-1

[Event "Mondiale Lampo FIDE 2019"]
[Site "Mosca"]
[Date "29.12.2019"]
[Round "6.12"]
[White "Motylev, Alexander"]
[Black "Nepomniachtchi, Ian"]
[Result "1/2-1/2"]
[WhiteTitle "GM"]
[BlackTitle "GM"]
[WhiteElo "2640"]
[BlackElo "2767"]
[WhiteFideId "4121830"]
[BlackFideId "4168119"]
[EventDate "2019.12.29"]

1. e4 c5 2. Nf3 d6 3. Bb5+ Nd7 4. O-O a6 5. Bd3 Ngf6 6. c3 b5 7. Re1 Bb7 8. a4
c4 9. Bc2 e6 10. axb5 axb5 11. Rxa8 Qxa8 12. Na3 Be7 13. Nxb5 O-O 14. Na3 Rc8
15. Qe2 d5 16. exd5 Bxd5 17. d3 Bxa3 18. bxa3 cxd3 19. Qxd3 Nc5 20. Qe3 Be4 21.
Bxe4 Ncxe4 22. Bb2 Rb8 23. Qe2 Qb7 24. Ba1 Qb3 25. c4 Qxa3 26. h3 h6 27. Bd4 Rc8
28. Qc2 Qa8 29. Rc1 1/2-1/2

[Event "Mondiale Lampo FIDE 2019"]
[Site "Mosca"]
[Date "29.12.2019"]
[Round "6.14"]
[White "Tomashevsky, Evgeny"]
[Black "Grischuk, Alexander"]
[Result "1-0"]
[WhiteTitle "GM"]
[BlackTitle "GM"]
[WhiteElo "2705"]
[BlackElo "2777"]
[WhiteFideId "4147235"]
[BlackFideId "4126025"]
[EventDate "2019.12.29"]

1. c4 e5 2. g3 c6 3. Nf3 e4 4. Nd4 d5 5. cxd5 Qxd5 6. Nc2 Nf6 7. Nc3 Qe5 8. Bg2
Na6 9. O-O Be7 10. d3 exd3 11. Qxd3 Nc5 12. Qd4 Qxd4 13. Nxd4 O-O 14. Bf4 g6 15.
b4 Ne6 16. Nxe6 Bxe6 17. b5 Nd5 18. Nxd5 cxd5 19. Rfd1 Rfd8 20. Rac1 Rd7 21. Be5
f5 22. Bd4 Kf7 23. e3 Bd8 24. Rc2 Bb6 25. a4 Ke7 26. f4 Rad8 27. Kf2 Ra8 28.
Rdc1 Rad8 29. Ke2 Ra8 30. Kd3 Rad8 31. Ke2 Ra8 32. Kd3 Rad8 33. Rc8 Rxc8 34.
Rxc8 Kd6 35. Bxb6 axb6 36. Kd4 Bf7 37. Rf8 h5 38. h4 Rc7 39. Rd8+ Ke7 40. Rb8
Kd6 41. Rd8+ Ke7 42. Rb8 Kd6 43. Bxd5 Bxd5 44. Rd8+ Ke6 45. Rxd5 Rc1 46. Re5+
Kd6 47. e4 fxe4 48. Kxe4 Re1+ 49. Kd4 Rd1+ 50. Kc4 Rc1+ 51. Kb3 Rb1+ 52. Kc3 Ra1
53. Rg5 Rxa4 54. Rxg6+ Kd5 55. Kd3 Ra3+ 56. Ke2 Rb3 57. Rg5+ Ke4 58. Re5+ Kd4
59. Kf2 Rb2+ 60. Kf3 Rb3+ 61. Kg2 Rb2+ 62. Kh3 Rb1 63. Rxh5 Ke4 64. Kg4 1-0

[Event "Mondiale Lampo FIDE 2019"]
[Site "Mosca"]
[Date "29.12.2019"]
[Round "6.15"]
[White "Safarli, Eltaj"]
[Black "Vitiugov, Nikita"]
[Result "1-0"]
[WhiteTitle "GM"]
[BlackTitle "GM"]
[WhiteElo "2601"]
[BlackElo "2747"]
[WhiteFideId "13402129"]
[BlackFideId "4152956"]
[EventDate "2019.12.29"]

1. e4 e6 2. d4 d5 3. Nd2 c5 4. Ngf3 cxd4 5. Nxd4 Nc6 6. Bb5 Bd7 7. Nxc6 bxc6 8.
Bd3 Qc7 9. Qe2 Ne7 10. O-O Ng6 11. Nf3 Bd6 12. Re1 Nf4 13. Bxf4 Bxf4 14. g3 Bd6
15. exd5 cxd5 16. Rac1 g6 17. c4 dxc4 18. Rxc4 Qb6 19. Ne5 Bxe5 20. Qxe5 O-O 21.
h4 Qb8 22. Rc7 Qd8 23. h5 Rc8 24. Rxa7 f6 25. Qd6 Rf7 26. hxg6 hxg6 27. Bxg6 Rg7
28. Rd1 1-0

[Event "Mondiale Lampo FIDE 2019"]
[Site "Mosca"]
[Date "29.12.2019"]
[Round "6.16"]
[White "Mozharov, Mikhail"]
[Black "Fedoseev, Vladimir3"]
[Result "0-1"]
[WhiteTitle "GM"]
[BlackTitle "GM"]
[WhiteElo "2558"]
[BlackElo "2677"]
[WhiteFideId "4189825"]
[BlackFideId "24130737"]
[EventDate "2019.12.29"]

1. Nf3 d5 2. d4 Nf6 3. c4 e6 4. g3 Bb4+ 5. Bd2 Be7 6. Bg2 O-O 7. O-O Nbd7 8. Nc3
dxc4 9. e4 b5 10. e5 Nd5 11. Nxb5 N7b6 12. h4 Qd7 13. Nc3 Nxc3 14. bxc3 Bb7 15.
Bg5 h6 16. Bxe7 Qxe7 17. Rb1 Be4 18. Rb5 Qa3 19. Qc1 Qxa2 20. Nd2 Bxg2 21. Kxg2
Rfd8 22. Ne4 Qa6 23. Rc5 Rac8 24. Qa1 Na4 0-1

[Event "Mondiale Lampo FIDE 2019"]
[Site "Mosca"]
[Date "29.12.2019"]
[Round "6.18"]
[White "Morozevich, Alexander"]
[Black "Golubov, Saveliy"]
[Result "1/2-1/2"]
[WhiteTitle "GM"]
[BlackTitle "IM"]
[WhiteElo "2659"]
[BlackElo "2469"]
[WhiteFideId "4116992"]
[BlackFideId "24176729"]
[EventDate "2019.12.29"]

1. e4 g6 2. d4 Bg7 3. h4 h6 4. Nc3 d6 5. Be3 c6 6. Qd2 b5 7. O-O-O Nd7 8. h5 g5
9. f4 gxf4 10. Bxf4 Ngf6 11. Qe1 b4 12. Nb1 Qa5 13. Nf3 Qxa2 14. e5 dxe5 15.
dxe5 Nd5 16. Qg3 Kf8 17. Rd4 Ba6 18. Bxa6 Qxa6 19. Bd2 Nc5 20. Bxb4 Ne6 21. Rg4
Rb8 22. Ba3 Ne3 23. Rxg7 Nxg7 24. e6 Rd8 25. Re1 Qe2 26. Nbd2 Qxg2 27. Qc7 Re8
28. exf7 Kxf7 29. Qf4+ Nef5 30. Ne5+ Kg8 31. Ndf3 Qg3 32. Qc4+ Kh7 33. Rg1 Qf2
34. Qf7 Qe3+ 35. Kb1 Rhf8 36. Qg6+ Kh8 37. Bb4 Rb8 38. Bd2 Qb6 39. Bc3 Qc5 40.
Ka1 Qd5 41. Re1 Qg8 42. Qg4 Qd5 43. Ng6+ Kh7 44. Nxf8+ Rxf8 45. Rxe7 Rg8 46.
Qg6+ Kh8 47. Rxg7 Rxg7 48. Bxg7+ Nxg7 49. Qxh6+ Kg8 50. Ng5 Qa5+ 51. Kb1 Qe1+
52. Ka2 Qa5+ 53. Kb3 Qb5+ 54. Kc3 Qc5+ 55. Kd3 Qd5+ 56. Ke2 Qg2+ 57. Kd3 Qd5+
58. Kc3 1/2-1/2

[Event "Mondiale Lampo FIDE 2019"]
[Site "Mosca"]
[Date "29.12.2019"]
[Round "6.19"]
[White "Kamsky, Gata"]
[Black "Sakaev, Konstantin"]
[Result "1/2-1/2"]
[WhiteTitle "GM"]
[BlackTitle "GM"]
[WhiteElo "2677"]
[BlackElo "2596"]
[WhiteFideId "2000024"]
[BlackFideId "4104226"]
[EventDate "2019.12.29"]

1. e4 c5 2. Nc3 d6 3. Bc4 Nc6 4. a3 g6 5. d3 Bg7 6. h3 e6 7. Nf3 Nge7 8. Ba2 O-O
9. O-O b6 10. Bf4 h6 11. Qd2 g5 12. Be3 Nd4 13. Nh2 Ng6 14. Nd1 Ba6 15. Re1 Nc6
16. Rb1 d5 17. exd5 exd5 18. Qe2 Re8 19. Qf3 Nd4 20. Qxd5 Qxd5 21. Bxd5 Rad8 22.
c4 Nf4 23. Nc3 Nxd3 24. Red1 Nf4 1/2-1/2

[Event "Mondiale Lampo FIDE 2019"]
[Site "Mosca"]
[Date "29.12.2019"]
[Round "6.20"]
[White "Ponkratov, Pavel"]
[Black "Petrosyan, Manuel"]
[Result "1-0"]
[WhiteTitle "GM"]
[BlackTitle "GM"]
[WhiteElo "2632"]
[BlackElo "2613"]
[WhiteFideId "4157800"]
[BlackFideId "13300857"]
[EventDate "2019.12.29"]

1. e4 e5 2. Nc3 Nc6 3. Bc4 Nf6 4. d3 h6 5. f4 Bc5 6. Nf3 d6 7. f5 a6 8. a3 O-O
9. Nd5 Nxd5 10. Bxd5 Ne7 11. Bb3 Nc6 12. c3 Kh7 13. g4 Qe8 14. g5 f6 15. g6+ Kh8
16. Nh4 Ne7 17. Qh5 Ng8 18. Bd2 c6 19. O-O-O d5 20. exd5 cxd5 21. Bxd5 Bd7 22.
Rhe1 Ba4 23. Qf3 Bxd1 24. Rxd1 Rd8 25. Qe4 b5 26. Be6 Ne7 27. Kb1 Qc6 28. Qe2
Qd6 29. Bc1 Ng8 30. Nf3 Rfe8 31. Bf7 Re7 32. Bb3 Qd7 33. Qe4 Qb7 34. Nd2 Bb6 35.
Qxb7 Rxb7 36. Ne4 Rbd7 37. Kc2 Ne7 38. Be6 Rc7 39. b4 Nc6 40. Kb3 a5 41. Kb2
axb4 42. axb4 Ra7 43. h4 Ne7 44. Kb3 Nd5 45. Rd2 Be3 46. Rc2 Bxc1 47. Rxc1 Nf4
48. d4 exd4 49. cxd4 Ne2 50. Rc5 Nxd4+ 51. Kb2 Nxe6 52. fxe6 Re7 53. Rc6 f5 54.
Nd6 Rf8 55. Nxf5 Ree8 56. Nd6 Re7 57. Nf7+ Kg8 58. Kc3 Rfe8 59. Rc5 Rxe6 60. h5
Re3+ 61. Kb2 Re2+ 62. Kc3 R2e3+ 63. Kd2 Re2+ 64. Kd3 R8e3+ 65. Kd4 Re4+ 66. Kd5
Re8 67. Kd6 Rd2+ 68. Kc6 Rc8+ 69. Kxb5 Rxc5+ 70. bxc5 Kf8 71. Kc6 Ke7 72. Nd6
Rh2 73. Nf5+ Kf6 74. Ng3 Ke5 75. Kd7 Rh3 76. Ne2 Rd3+ 77. Ke7 Re3 78. Ng1 Kf5+
79. Kf7 Kg5 80. Kxg7 Kxh5 81. Kf6 Ra3 82. g7 Rg3 83. Ne2 Rf3+ 84. Ke7 Re3+ 85.
Kf7 Rf3+ 86. Ke6 Re3+ 87. Kf5 Rxe2 88. g8=Q Rf2+ 89. Ke4 Rf6 90. c6 1-0

[Event "Mondiale Lampo FIDE 2019"]
[Site "Mosca"]
[Date "29.12.2019"]
[Round "6.21"]
[White "Bluebaum, Matthias"]
[Black "Tari, Aryan"]
[Result "1/2-1/2"]
[WhiteTitle "GM"]
[BlackTitle "GM"]
[WhiteElo "2644"]
[BlackElo "2634"]
[WhiteFideId "24651516"]
[BlackFideId "1510045"]
[EventDate "2019.12.29"]

1. d4 Nf6 2. c4 g6 3. Nc3 d5 4. cxd5 Nxd5 5. e4 Nxc3 6. bxc3 Bg7 7. Bc4 c5 8.
Ne2 O-O 9. Be3 Nc6 10. Rc1 Qc7 11. h4 Na5 12. Bd3 h5 13. Qd2 Rd8 14. O-O Bg4 15.
f3 Bd7 16. Bf4 e5 17. Bh6 Bxh6 18. Qxh6 cxd4 19. cxd4 Qd6 20. Rfd1 Ba4 21. Bc2
Bxc2 22. Rxc2 Nc6 23. d5 Nb4 24. Rb2 b6 25. Qe3 Rac8 26. Qa3 a5 27. Qe3 Rc5 28.
a3 Na6 29. Rdb1 Rb8 30. Nc3 Rc4 31. Rxb6 Rxb6 32. Rxb6 Rxc3 33. Rxd6 Rxe3 1/2-1/2

[Event "Mondiale Lampo FIDE 2019"]
[Site "Mosca"]
[Date "29.12.2019"]
[Round "6.22"]
[White "Timofeev, Artyom"]
[Black "Adly, Ahmed"]
[Result "0-1"]
[WhiteTitle "GM"]
[BlackTitle "GM"]
[WhiteElo "2588"]
[BlackElo "2607"]
[WhiteFideId "4140419"]
[BlackFideId "10601619"]
[EventDate "2019.12.29"]

1. c4 e6 2. e3 Nf6 3. Be2 b6 4. Bf3 c6 5. b3 d5 6. Bb2 Ba6 7. d3 Nbd7 8. Ne2 Bd6
9. d4 g5 10. g3 h5 11. Nd2 g4 12. Bg2 h4 13. Rg1 Qe7 14. Qc2 Rc8 15. O-O-O c5
16. dxc5 Bxc5 17. Kb1 Ba3 18. Bxa3 Qxa3 19. Nd4 Ne5 20. f4 gxf3 21. N2xf3 Nxf3
22. Bxf3 dxc4 23. Bc6+ Ke7 24. g4 cxb3 25. Qxb3 Qxb3+ 26. axb3 h3 27. g5 Nd5 28.
Bxd5 exd5 29. g6 fxg6 30. Rxg6 Rhf8 31. Rg7+ Kd6 32. Rxa7 Bf1 33. Rd2 Bg2 34.
Kb2 Be4 35. Nb5+ Kc6 36. Nc3 Rg8 37. Nxe4 dxe4 38. Rc2+ Kb5 39. Rxc8 Rxc8 40.
Rh7 Rf8 41. Rxh3 Rf3 42. Rg3 Kb4 43. Kc2 Rf2+ 44. Kd1 Kc3 45. h4 Rh2 46. Ke1 b5
47. Kf1 Rxh4 48. Ke2 b4 49. Rg1 Rh2+ 50. Kf1 Kd3 51. Rg8 Rb2 52. Rc8 Kxe3 53.
Rc4 Rxb3 0-1